| 000 | 01497cad a22002295a 4500 | ||
|---|---|---|---|
| 001 | L142886 | ||
| 008 | 080317s2008 xxk f 000 0 eng d | ||
| 035 | _a(Sirsi) u142886 | ||
| 041 | 0 | _aeng | |
| 050 | 0 | 4 | _a333.72 $2 18 |
| 110 | 2 |
_aJoint Contracts Tribunal _93664 |
|
| 245 | 0 | 0 |
_aConsultation paper _bsustainability _h[electronic resource] |
| 260 |
_a[S.l.] _bJCT _c2008 |
||
| 520 | _aAsks for feedback on whether construction contracts should include clauses which require contracting parties to adhere to sustainability terms. Sustainability would apply throughout the supply chain and relate to the specification of construction products and the construction process. The consultation paper contains a list of sustainability items that might be covered in the contract documents. These include carbon emissions/consumption of energy/consumption of water/waste management associated with the construction process/end use of the project, origin of construction materials, commercial vehicle movements, and maintenance of biodiversity. Consultation closes 29 February 2008. | ||
| 521 | 2 | _aAdvanced | |
| 590 | _aKA | ||
| 651 | 4 |
_aUnited Kingdom _y |
|
| 690 | _aBUILT ENVIRONMENT-SUSTAINABLE CONSTRUCTION | ||
| 690 | _aBUILT ENVIRONMENT-BUILDING CONTRACT FORMS-STANDARD FORMS OF BUILDING CONTRACT-JOINT CONTRACTS TRIBUNAL CONTRACTS | ||
| 856 | 4 | 0 |
_uhttps://www.jctltd.co.uk/stylesheet.asp?file=29012008122025 _zView the consultation paper free of charge at www.jctltd.co.uk... |
| 942 | _n0 | ||
| 999 |
_c108007 _d108007 |
||